| 000 | 00491nam a2200181Ia 4500 | ||
|---|---|---|---|
| 003 | GCL | ||
| 008 | 140319s9999 xx 000 0 ara d | ||
| 040 |
_aGCL / _cGCL |
||
| 082 | 0 | 4 |
_a962.4 _bع س |
| 100 | 1 | _aعبدالله حسين | |
| 245 | 1 | 0 |
_aالسودان القديم والجديد : 4 كتب معا / _cعبدالله حسين |
| 300 | _a54 ص | ||
| 490 | _a | ||
| 650 | 0 | 4 | _aالعصر الحديث |
| 650 | 0 | 4 | _aالسودان |
| 650 | 0 | 4 | _aالتاريخ |
| 942 |
_2ddc _cBK |
||
| 999 |
_c45070 _d45070 |
||